La integración latinoamericana (Registro nro. 436982)

Detalles MARC
000 -LÍDER
Campo fijo de descripción fija 00791nam a22002057a 4500
003 - IDENTIFICADOR DEL NÚMERO DE CONTROL
Campo de control BCEG
005 - FECHA Y HORA DE LA ULTIMA TRANSACCIÓN
control field 20260112175009.0
008 - ELEMENTOS DE LONGITUD FIJA -- INFORMACIÓN GENERAL
Campo fijo de descripción fija -- Información general 260112s1999 mx|||||| |||| 00| 0 spa d
040 ## - FUENTE DE CATALOGACIÓN
Agencia de catalogación original BCEG
Idioma de catalogación spa
Agencia que realiza la transcripción BCEG
082 04 - NÚMERO DE CLASIFICACIÓN DECIMAL DEWEY
Número de clasificación 337.1980
Clave de autor-Numero de item Y241i
100 1# - ASIENTO PRINCIPAL--NOMBRE PERSONAL
Nombre del autor personal Yanza Vidal, Edgar Alberto.
245 13 - TÍTULO PROPIAMENTE DICHO
Título La integración latinoamericana
Otra información sobre el título - Subtitulo : un largo camino por recorrer.
260 ## - PUBLICACIÓN, DISTRIBUCIÓN, ETC. (PIE DE IMPRENTA)
Lugar de publicación, distribución, etc. México :
Nombre del editor, distribuidor, etc. Instituto Tecnológico y de Estudios Superiores de Monterrey, Centro de Investigaciones en Ciencias Sociales y Humanidades, Campus Ciudad de México,
Fecha de publicación, distribución, etc. 1999.
300 ## - DESCRIPCIÓN FÍSICA
Extensión 29 p.
490 ## - MENCIÓN DE SERIE
Mención de serie Lecturas en Humanidades ;
Designación numérica/secuencial del volumen 12.
500 ## - NOTA GENERAL
Nota General Con dedicatoria a Célica Esther Cánovas por parte del autor Edgar Yanza.
541 ## - NOTA DE FUENTE INMEDIATA DE ADQUISICIÓN
Nota de fuente de adquisición Donación.
650 14 - ASIENTO SECUNDARIO DE MATERIA - TERMINO TEMÁTICO
Término temático o nombre geográfico como elemento de entrada Integración regional
Subdivisión geográfica América Latina.
942 ## - TIPO DE MATERIAL (KOHA)
Tipo de Item KOHA Libro
Existencias
No para Préstamo Colección Biblioteca de Origen Biblioteca Permanente Fecha de Adquisición Fuente de Adquisicion Total de Préstamos Signatura Topográfica Código de Barras Última vez visto Tipo de Material
Material en Reserva General Biblioteca Central Estatal de Guanajuato, "Wigberto Jiménez Moreno" Biblioteca Central Estatal de Guanajuato, "Wigberto Jiménez Moreno" 12/01/2026 DONAD   337.1980 Y241i BCEG8655230684 12/01/2026 Libro